[Event "Ungdoms-DM U19 2024"]
[Site "Odense"]
[Date "2024.10.06"]
[Round "4.4"]
[White "Wahlgreen, Noah Krug"]
[Black "Jarlskov, Daniel Tuk Hartso"]
[Result "0-1"]
[WhiteElo "2151"]
[BlackElo "2056"]
[WhiteFideId "1457349"]
[BlackFideId "1463896"]
[EventDate "2024.10.04"]
[EventType "swiss"]
[EventRounds "5"]
[EventCountry "DEN"]
[SourceTitle "Live v. Kasper Jerwiarz"]

1. d4 Nf6 2. Bf4 g6 3. Nf3 Bg7 4. e3 O-O 5. Be2 d6 6. h3 Nbd7 7. Bh2 c5 8. O-O b6 9. c3 Bb7 10. Nfd2 Rc8 11. Bf3 Qc7 12. a4 a6 13. Na3 Rfe8 14. Qb3 Bxf3 15. Nxf3 Ne4 16. Rad1 Qc6 17. Rfe1 c4 18. Qc2 d5 19. Nd2 Nxd2 20. Rxd2 e5 21. dxe5 Bxe5 22. Red1 Bxh2+ 23. Kxh2 Re5 24. e4 Nf6 25. exd5 Nxd5 26. Rd4 b5 27. axb5 axb5 28. Qd2 Nb6 29. Rd6 Qc5 30. Nc2 Rce8 31. Ne3 h5 32. Qd4 Na4 33. Rd2 Qxd4 34. R6xd4 Kg7 35. Kg3 Nc5 36. Kf3 Nb3 37. Ke2 Nxd2 38. Kxd2 R8e7 39. g4 hxg4 40. hxg4 Re4 41. Rd5 R7e5 42. Rd6 Rf4 43. Ke2 Rxg4 44. Kf3 Rge4 45. Rd2 f5 46. b3 cxb3 47. Rb2 Kf6 48. Rxb3 g5 49. Nc2 g4+ 50. Kg2 f4 51. Nd4 f3+ 52. Kg3 Rh5 0-1

[Event "Ungdoms-DM U19 2024"]
[Site "Odense"]
[Date "2024.10.06"]
[Round "4.5"]
[White "Bruntse, Caroline Lindegaard"]
[Black "Skaelbaek, Noah"]
[Result "1-0"]
[WhiteElo "1790"]
[BlackElo "1901"]
[WhiteFideId "1472275"]
[BlackFideId "1470604"]
[EventDate "2024.10.04"]
[EventType "swiss"]
[EventRounds "5"]
[EventCountry "DEN"]
[SourceTitle "Live v. Kasper Jerwiarz"]

1. d4 d5 2. c4 c6 3. Nc3 Nf6 4. cxd5 cxd5 5. Bf4 Nc6 6. e3 a6 7. Nf3 Bg4 8. Be2 e6 9. O-O Bd6 10. Bxd6 Qxd6 11. h3 Bh5 12. Rc1 O-O 13. a3 Rfc8 14. Na4 Nd7 15. Nc5 Nxc5 16. Rxc5 Rc7 17. Qc2 f6 18. Rd1 Rac8 19. Qb3 Bf7 20. Rdc1 Rd8 21. Bf1 h6 22. Qb6 Rdc8 23. b4 Qf8 24. Bxa6 bxa6 25. Rxc6 Rxc6 26. Rxc6 Rxc6 27. Qxc6 a5 28. bxa5 Qe7 29. Qc8+ Be8 30. a6 Qd7 31. Qb7 Kf7 32. a4 Ke7 33. a5 Kd8 34. Qb6+ Qc7 35. a7 Bc6 36. Qb8+ Kd7 37. a8=Q Bxa8 38. Qxa8 g5 39. a6 Qc1+ 40. Kh2 Qf1 41. Qb7+ Kd6 42. a7 Qxf2 43. a8=Q f5 44. Qd8# 1-0

[Event "Ungdoms-DM U19 2024"]
[Site "Odense"]
[Date "2024.10.06"]
[Round "4.6"]
[White "Olesen, Nicholas Lindholm"]
[Black "Aggerbeck Lauritzen, Nikolaj"]
[Result "0-1"]
[WhiteElo "1651"]
[BlackElo "1863"]
[WhiteFideId "1480197"]
[BlackFideId "1459945"]
[EventDate "2024.10.04"]
[EventType "swiss"]
[EventRounds "5"]
[EventCountry "DEN"]
[SourceTitle "Live v. Kasper Jerwiarz"]

1. d4 d5 2. c4 c6 3. cxd5 cxd5 4. Nc3 Nf6 5. Nf3 Nc6 6. Bf4 e6 7. e3 Bb4 8. Bd3 O-O 9. Qc2 h6 10. O-O Bd6 11. Bxd6 Qxd6 12. a3 a6 13. Rfe1 Bd7 14. Rad1 Rac8 15. Qb1 Na5 16. e4 dxe4 17. Nxe4 Nxe4 18. Bxe4 Bc6 19. Bxc6 Nxc6 20. Qe4 Rfd8 21. g3 Qd5 22. Qxd5 Rxd5 23. Rd2 Rcd8 24. Red1 Na5 25. Kf1 Nc4 26. Rc2 b5 27. a4 e5 28. axb5 axb5 29. b3 Na3 30. Rcd2 e4 31. Ng1 b4 32. Ne2 g5 33. g4 Nb5 34. Rc2 h5 35. Rdc1 hxg4 36. Rc5 Na3 37. Rxd5 Rxd5 38. Rc5 Rd6 39. Rxg5+ Kf8 40. Rxg4 Nb1 41. Ke1 f5 42. Rh4 Ra6 43. Kd1 Ra1 44. Kc2 Na3+ 45. Kd2 Ra2+ 46. Kd1 Ra1+ 47. Nc1 Nb5 48. Rh8+ Ke7 49. Rh7+ Kd6 50. Rh6+ Kc7 51. Rh7+ Kd6 52. Rh6+ Kd5 53. Rb6 Nc3+ 54. Kc2 f4 55. Rxb4 Rxc1+ 56. Kxc1 Na2+ 57. Kd2 Nxb4 58. h4 Kxd4 0-1

[Event "Ungdoms-DM U19 2024"]
[Site "Odense"]
[Date "2024.10.06"]
[Round "5.1"]
[White "Meskenas, Paulius"]
[Black "Zander, Emil"]
[Result "0-1"]
[WhiteElo "2247"]
[BlackElo "2131"]
[WhiteFideId "12809969"]
[BlackFideId "1467123"]
[EventDate "2024.10.04"]
[EventType "swiss"]
[EventRounds "5"]
[EventCountry "DEN"]
[SourceTitle "Live v. Kasper Jerwiarz"]

1. e4 c5 2. Nf3 d6 3. d4 cxd4 4. Nxd4 Nf6 5. Nc3 a6 6. Be2 e5 7. Nf3 Be6 8. Ng5 Be7 9. Nxe6 fxe6 10. g4 O-O 11. g5 Ne8 12. h4 Qb6 13. Rh2 Nc6 14. a3 Rc8 15. Bg4 Nc7 16. Rb1 Rce8 17. Be3 Nd4 18. Ne2 Qa5+ 19. b4 Qxa3 20. Nxd4 exd4 21. Qxd4 d5 22. Bd2 Bd6 23. Rh3 Qa4 24. e5 Be7 25. Ra1 Qc6 26. Qc3 Qd7 27. Qd4 Nb5 28. Qb6 Bd8 29. Qc5 Be7 30. Qb6 Bd8 31. Qc5 Bc7 32. f4 Rc8 33. Qg1 Bb8 34. Bd1 Ba7 35. Qg2 Nd4 36. c3 Nf5 37. Bb3 Rfd8 38. Qe2 Bb6 39. Qd3 Kh8 40. Rc1 Qc7 41. h5 Ba7 42. Qf1 b5 43. Bc2 Rf8 44. Ra1 Qb6 45. Bxf5 Rxf5 46. Rf3 Rc4 47. Qd3 Qc6 48. Kd1 Kg8 49. Ra3 Kf8 50. Ke2 Ke8 51. Kf1 Kd8 52. Kg2 Kc8 53. Kg3 Kb7 54. Ra1 Qe8 55. Rh1 Rc7 56. Qb1 h6 57. g6 Rc4 58. Qf1 Bb6 59. Qh3 Qd7 60. Rd1 Re4 61. Bc1 Qc7 62. Rfd3 Qd7 63. Qh1 Qc6 64. Qh4 Qc7 65. Qg4 Rc4 66. Qf3 Qc6 67. Bd2 Bc7 68. Qh1 Re4 69. Be3 Bb6 70. Bc1 Re2 71. Rf3 Qc4 72. Qh4 Qc7 73. Qh3 Qd7 74. Qf1 Re4 75. Qh1 Kb8 76. Rfd3 Qe7 77. Qh3 Qf8 78. Qh2 Rfxf4 79. Qh3 Rh4 0-1

[Event "Ungdoms-DM U19 2024"]
[Site "Odense"]
[Date "2024.10.06"]
[Round "5.2"]
[White "Andries, Alf"]
[Black "Saugmann, Frederik Chabert"]
[Result "1-0"]
[WhiteElo "2051"]
[BlackElo "1929"]
[WhiteFideId "1463373"]
[BlackFideId "1476122"]
[EventDate "2024.10.04"]
[EventType "swiss"]
[EventRounds "5"]
[EventCountry "DEN"]
[SourceTitle "Live v. Kasper Jerwiarz"]

1. e4 e5 2. Nf3 Nc6 3. Bb5 Nf6 4. Nc3 d6 5. d4 exd4 6. Nxd4 Bd7 7. Bg5 Be7 8. Bxc6 bxc6 9. Qd3 h6 10. Bd2 c5 11. Nf3 O-O 12. O-O Re8 13. Rfe1 Bf8 14. h3 Bc6 15. Bf4 Nd7 16. Rad1 Qf6 17. Bg3 g5 18. Nd2 Bg7 19. Nc4 Qg6 20. f3 Ne5 21. Bxe5 Bxe5 22. Nxe5 Rxe5 23. Qa6 Bd7 24. Nd5 c6 25. Qb7 Rd8 26. Qc7 Rde8 27. Ne3 Bc8 28. Rxd6 R5e6 29. Nf5 Kh7 30. Red1 h5 31. g4 h4 32. Qxc6 Qf6 33. Qxe8 Qxf5 34. gxf5 Rxe8 35. Rd8 Rxd8 1-0

[Event "Ungdoms-DM U19 2024"]
[Site "Odense"]
[Date "2024.10.06"]
[Round "5.3"]
[White "Wahlgreen, Noah Krug"]
[Black "Perets, Dmytro"]
[Result "0-1"]
[WhiteElo "2151"]
[BlackElo "2085"]
[WhiteFideId "1457349"]
[BlackFideId "14174456"]
[EventDate "2024.10.04"]
[EventType "swiss"]
[EventRounds "5"]
[EventCountry "DEN"]
[SourceTitle "Live v. Kasper Jerwiarz"]

1. e4 c5 2. Nf3 Nc6 3. d4 cxd4 4. Nxd4 g6 5. c4 Nf6 6. Nc3 Nxd4 7. Qxd4 d6 8. Be2 Bg7 9. O-O O-O 10. Qd3 a5 11. f3 a4 12. Nb5 Nd7 13. Rb1 Ne5 14. Qe3 Bd7 15. Na3 f5 16. Bd2 fxe4 17. fxe4 Qc7 18. h3 Rac8 19. Bc3 Qc5 20. Bd4 Nf3+ 0-1

[Event "Ungdoms-DM U19 2024"]
[Site "Odense"]
[Date "2024.10.06"]
[Round "5.4"]
[White "Jarlskov, Daniel Tuk Hartso"]
[Black "Bruntse, Caroline Lindegaard"]
[Result "1-0"]
[WhiteElo "2056"]
[BlackElo "1790"]
[WhiteFideId "1463896"]
[BlackFideId "1472275"]
[EventDate "2024.10.04"]
[EventType "swiss"]
[EventRounds "5"]
[EventCountry "DEN"]
[SourceTitle "Live v. Kasper Jerwiarz"]

1. a3 d5 2. d4 e6 3. Nf3 c5 4. e3 Nc6 5. dxc5 Bxc5 6. b4 Be7 7. Bb2 Nf6 8. Be2 a6 9. O-O O-O 10. c4 dxc4 11. Bxc4 b5 12. Bd3 Bb7 13. Qe2 Qb6 14. Nbd2 Rfd8 15. Rac1 Rac8 16. Nb3 h6 17. Bb1 a5 18. bxa5 Nxa5 19. Bd4 Qa6 20. Nc5 Bxc5 21. Rxc5 Rxc5 22. Bxc5 Rc8 23. Bb4 Nd5 24. Qd3 g6 25. Ne5 Kg7 26. Nxf7 Nxb4 27. Qxg6+ Kf8 28. Ne5 Rc7 29. Qf6+ Kg8 30. Qd8+ 1-0

[Event "Ungdoms-DM U19 2024"]
[Site "Odense"]
[Date "2024.10.06"]
[Round "5.5"]
[White "Olesen, Nicholas Lindholm"]
[Black "Loftgaard, Mikkel Vinh"]
[Result "0-1"]
[WhiteElo "1651"]
[BlackElo "2247"]
[WhiteFideId "1480197"]
[BlackFideId "1468480"]
[EventDate "2024.10.04"]
[EventType "swiss"]
[EventRounds "5"]
[EventCountry "DEN"]
[SourceTitle "Live v. Kasper Jerwiarz"]

1. Nf3 a6 2. e4 h6 3. d4 d6 4. Bd3 g5 5. h3 Bg7 6. Be3 Nd7 7. Nbd2 e6 8. c3 Ne7 9. Qc2 c5 10. O-O-O Qc7 11. Kb1 b5 12. g4 cxd4 13. cxd4 Qxc2+ 14. Bxc2 Bb7 15. h4 gxh4 16. Rxh4 Ng6 17. Rh3 Nf6 18. g5 hxg5 19. Rxh8+ Bxh8 20. Nxg5 Ng4 21. Rg1 Nxe3 22. fxe3 Ke7 23. e5 dxe5 24. Bxg6 fxg6 25. dxe5 Rf8 26. Rc1 Bxe5 27. Nge4 Bd5 28. Nc3 Rf2 0-1

[Event "Ungdoms-DM U19 2024"]
[Site "Odense"]
[Date "2024.10.06"]
[Round "5.6"]
[White "Aggerbeck Lauritzen, Nikolaj"]
[Black "Skaelbaek, Noah"]
[Result "0-1"]
[WhiteElo "1863"]
[BlackElo "1901"]
[WhiteFideId "1459945"]
[BlackFideId "1470604"]
[EventDate "2024.10.04"]
[EventType "swiss"]
[EventRounds "5"]
[EventCountry "DEN"]
[SourceTitle "Live v. Kasper Jerwiarz"]

1. d4 d5 2. c4 c6 3. Nf3 Nf6 4. g3 e6 5. Bg2 Nbd7 6. O-O Be7 7. Nbd2 O-O 8. Qc2 b6 9. e4 dxc4 10. Nxc4 Bb7 11. Rd1 c5 12. Ng5 g6 13. dxc5 Bxc5 14. h4 Qc7 15. e5 Bxg2 16. Kxg2 Nd5 17. h5 Qc6 18. f3 Be7 19. Nxh7 Nxe5 20. Nxf8 Nxc4 21. Kh2 Bxf8 22. hxg6 f6 23. b3 Ne5 24. Qxc6 Nxc6 25. Bb2 Kg7 26. Rac1 Bc5 27. Re1 Ncb4 28. Rxe6 Rh8+ 29. Kg2 Ne3+ 30. Kg1 Nc4+ 0-1